Henry Moore
Elmentve itt :
| Szerző: | |
|---|---|
| Dokumentumtípus: | Cikk |
| Megjelent: |
1994
|
| Sorozat: | Iskolakultúra
4 No. 15-16 |
| Kulcsszavak: | Szobrászat - angol - 20. sz., Henry Moore |
| Online Access: | http://misc.bibl.u-szeged.hu/44347 |
| LEADER | 00597nab a2200181 i 4500 | ||
|---|---|---|---|
| 001 | misc44347 | ||
| 005 | 20191106141145.0 | ||
| 008 | 180925s1994 hu o 0|| zxx d | ||
| 022 | |a 1215-5233 | ||
| 040 | |a SZTE Miscellanea Repozitórium |b hun | ||
| 041 | |a zxx | ||
| 100 | 1 | |a Kemény Katalin | |
| 245 | 1 | 0 | |a Henry Moore |h [elektronikus dokumentum] / |c Kemény Katalin |
| 260 | |c 1994 | ||
| 300 | |a 142-148 | ||
| 490 | 0 | |a Iskolakultúra |v 4 No. 15-16 | |
| 695 | |a Szobrászat - angol - 20. sz., Henry Moore | ||
| 856 | 4 | 0 | |u http://misc.bibl.u-szeged.hu/44347/1/iskolakultura_1994_015_016_142-148.pdf |z Dokumentum-elérés |